000
00307nam a2200121Ia 4500
005
20251222154405.0
008
251222s9999||||xx |||||||||||||| ||spa||
020
_a
84-345-8075-6
082
_a
868.9/A75/1983
100
_a
"Arniches, Carlos"
245
0
_a
La seƱorita de trevelez es mi hombre
942
_c
LIB
999
_c
35425
_d
35425